Es conveniente engañar al pueblo?: Política y filosofía en La Ilustración. El concurso de 1778 de la Real Academia de Ciencias de Berlín
Enregistré dans:
| Auteurs principaux: | , , |
|---|---|
| Format: | Livre |
| Langue: | espagnol |
| Publié: |
Madrid
Centro de Estudios Constitucionales
1991
|
| Édition: | 1a. ed |
| Sujets: | |
| Tags: |
Ajouter un tag
Pas de tags, Soyez le premier à ajouter un tag!
|
MARC
| LEADER | 00000cam a2200000 a 4500 | ||
|---|---|---|---|
| 001 | UCD3114 | ||
| 003 | CL-VaPUC | ||
| 008 | 160526e19910000sp |||||||||||||||||spa|d | ||
| 020 | |a 8425908701 | ||
| 082 | 0 | 4 | |a 320.01 |b CAS |2 21 |
| 100 | 0 | |a Castillon |e author |9 586480 | |
| 700 | 0 | |a Becker |e author |9 586481 | |
| 700 | 0 | |a Condorcet |e author |9 586482 | |
| 245 | 1 | 0 | |a Es conveniente engañar al pueblo?: Política y filosofía en La Ilustración. El concurso de 1778 de la Real Academia de Ciencias de Berlín |
| 250 | |a 1a. ed | ||
| 300 | |a 219 p | ||
| 942 | |c BK | ||
| 945 | |d 20160526 21:26:00 |a dcastane | ||
| 260 | |a Madrid |b Centro de Estudios Constitucionales |c 1991 | ||
| 650 | 7 | |a FILOSOFIA POLITICA |2 CL-VaPUC |9 586483 | |
| 650 | 0 | |a Estado |9 255503 | |
| 650 | 0 | |a Crítica e interpretación |9 255042 | |
| 650 | 0 | |a Ilustración |9 313124 | |
| 583 | |a last modification |c 20160526 21:26:00 |k Rodrigo Vera | ||
| 999 | |c 364178 |d 364176 | ||
| 952 | |0 0 |1 0 |3 erd |4 0 |6 320_010000000000000_CAS_1991 |7 0 |8 A |9 477122 |a BIBHIS |b BIBHIS |e Villagrán Garnham, Jorge |i 5304784 |o 320.01 CAS 1991 |p 5304784 |r 2025-01-20 |w 2019-11-24 |y BK |z Catalogado en:20160526 |k HIS | ||